| 000 | 00901nas a2200277 4500 | ||
|---|---|---|---|
| 001 | BR2013000763 | ||
| 003 | BR-BrBNA | ||
| 005 | 20231205121908.0 | ||
| 007 | ta | ||
| 008 | 230509b bl.|||p| |||| 00| 00por d | ||
| 040 |
_aBR-BrBNA _bpor _cBiblioteca Nacional de Agricultura |
||
| 041 | _a(En) | ||
| 072 | _aH10 | ||
| 100 | 1 | _aAraújo, D.F. de | |
| 100 | 1 | _aKrüger, R.F. | |
| 100 | 1 | _aRibeiro, P.B. | |
| 245 | 1 | _aPhenology of Spalangia endius Walker (Hymenoptera, Pteromalidae)in pupae of Musca domestica Linnaeus (Diptera, Muscidae)under laboratory conditions | |
| 650 | _aINSETO | ||
| 650 | _aHIMENOPTERO | ||
| 650 | _aCICLO DE VIDA | ||
| 650 | _aLABORATÓRIO | ||
| 650 | _aINCUBAÇÃO | ||
| 773 | 0 |
_tRevista Brasileira de Entomologia (Brazil) _xISSN 0085-5626 _g(Oct-Dec 2012), v. 56(4) p. 504-507 _wBR2013000763 |
|
| 909 |
_a202311 _bLúcia _c55 _dLúcia Elande |
||
| 942 |
_2AGRIS _n0 _cANA |
||
| 999 |
_c225805 _d225805 |
||